The multilateralization of international investment law (E-Book) (Record no. 213212)
[ view plain ]
| 000 -LEADER | |
|---|---|
| fixed length control field | 01467 a2200253 4500 |
| 003 - CONTROL NUMBER IDENTIFIER | |
| control field | Nust |
| 005 - DATE AND TIME OF LATEST TRANSACTION | |
| control field | 20170207165829.0 |
| 010 ## - LIBRARY OF CONGRESS CONTROL NUMBER | |
| LC control number | 2009020685 |
| 020 ## - INTERNATIONAL STANDARD BOOK NUMBER | |
| International Standard Book Number | 0521762367 (hbk.) |
| 020 ## - INTERNATIONAL STANDARD BOOK NUMBER | |
| International Standard Book Number | 9780521762366 (hbk.) |
| 035 ## - SYSTEM CONTROL NUMBER | |
| System control number | (OCoLC)ocn311769491 |
| 040 ## - CATALOGING SOURCE | |
| Transcribing agency | Nust |
| 082 00 - DEWEY DECIMAL CLASSIFICATION NUMBER | |
| Classification number | 346.07 |
| 100 1# - MAIN ENTRY--PERSONAL NAME | |
| Personal name | Schill, Stephan |
| 245 14 - TITLE STATEMENT | |
| Title | The multilateralization of international investment law (E-Book) |
| Statement of responsibility, etc. | Stephan W. Schill. |
| 260 ## - PUBLICATION, DISTRIBUTION, ETC. | |
| Place of publication, distribution, etc. | Cambridge, UK ; |
| -- | New York : |
| Name of publisher, distributor, etc. | Cambridge University Press, |
| Date of publication, distribution, etc. | 2009. |
| 300 ## - PHYSICAL DESCRIPTION | |
| Extent | xxxvii, 451 p. : |
| Other physical details | ill. ; |
| Dimensions | 24 cm. |
| 490 0# - SERIES STATEMENT | |
| Series statement | International trade and economic law |
| 505 ## - FORMATTED CONTENTS NOTE | |
| Formatted contents note | I Introduction: globalization and international investment law(Page-1) II Th e dynamics of multilateralism and bilateralism in international investment relations(Page- 23) III Treaty negotiation and multilateralization of international investment law (Page-65) IV Multilateralization through most-favored-nation treatment (Page-121) V Multilateralization and corporate structuring (Page-197) VII Multilateralization through interpretation: producing and reproducing coherence in investment jurisprudence (Page-278) VIII Conclusion: multilateralization – universalization – constitutionalization (Page-362) |
| 650 #0 - SUBJECT ADDED ENTRY--TOPICAL TERM | |
| Topical term or geographic name entry element | Arbitration and award, International. |
| 650 #0 - SUBJECT ADDED ENTRY--TOPICAL TERM | |
| Topical term or geographic name entry element | Investments, Foreign (International law) |
| 650 #0 - SUBJECT ADDED ENTRY--TOPICAL TERM | |
| Topical term or geographic name entry element | Investments, Foreign |
| General subdivision | Law and legislation. |
| 651 ## - SUBJECT ADDED ENTRY--GEOGRAPHIC NAME | |
| Geographic name | The multilateralization of international investment law E-Book |
| 942 ## - ADDED ENTRY ELEMENTS (KOHA) | |
| Source of classification or shelving scheme | |
| Koha item type | Book |
| Withdrawn status | Lost status | Source of classification or shelving scheme | Damaged status | Not for loan | Collection code | Permanent Location | Current Location | Date acquired | Total Checkouts | Full call number | Barcode | Date last seen | Price effective from | Koha item type |
|---|---|---|---|---|---|---|---|---|---|---|---|---|---|---|
| Military College of Signals (MCS) | Military College of Signals (MCS) | 12/12/2016 | 346.07 SCH | MCSEB-3250 | 12/08/2016 | 12/12/2016 | Book |
